00861 2200301 4500001002100000005001700021008004100038020001800079035002400097090002000121100001500141245011600156250001000272260003800282300003000320440004800350500002600398650001300424700001100437700000900448850001500457980001500472985000600487999001500493999001500508990001800523990001800541YOGYA-0209000003712320090227025220.0 ind  a979-3084-41-3 0010-020900000037123 a639.3bMur PlT aMURHANANTO aPaludariumbpadnan genericik air terjun & eksotika akuariumcMurhananto ; penyunting, Tanudi ; ilustrator, Ucok aCet.1 aJakartabAgro Media Pustakac2002 aviii, 60 hlmbilusc23 cm aMengembangkan kreativitas, membidik peluang aBibliografi : hlm. 59 aAkuarium aTanudi aUcok aYOPDYOG(B) a04-17-2006 a2 a05B0010657 a05B0010658 a10657-PD/B.05 a10658-PD/B.05